|
|
|
|
| LEADER |
00000cam a2200000 a 4500 |
| 001 |
vtls009510715 |
| 003 |
SK-MaSNL |
| 005 |
20260302080535.0 |
| 008 |
240314s2008 xo a jr 000 f slo |
| 020 |
|
|
|a 9788080970178
|q (viaz.)
|
| 035 |
|
|
|a DFT004128
|
| 035 |
|
|
|a urn:nbn:sk:snk-amjw29
|
| 035 |
|
|
|a urn:nbn:sk:snk-am0084j6
|
| 035 |
|
|
|a D001572B-2C74-4544-BCF5-955CEB049629
|
| 040 |
|
|
|a SNK
|b slo
|c SNK
|e AACR2
|
| 041 |
1 |
|
|a slo
|h eng
|
| 044 |
|
|
|a xo
|c SK
|
| 072 |
|
7 |
|a 821-93
|x Literatúra pre deti a mládež
|2 konspekt
|
| 072 |
|
7 |
|a 821.111-3
|x Anglická próza, anglicky písaná
|2 konspekt
|
| 080 |
|
|
|a 821.111(415)-31
|2 2001
|
| 080 |
|
|
|a (0:82-311.3)
|2 2001
|
| 080 |
|
|
|a 821-93
|2 2001
|
| 100 |
1 |
|
|a Swift, Jonathan,
|d 1667-1745
|4 aut
|9 98559
|
| 240 |
1 |
0 |
|a Gulliver's travels
|l Slovensky
|
| 245 |
1 |
0 |
|a Gulliverove cesty
|c Jonathan Swift ; ilustroval Peter Uchnár ; [z anglického originálu preložil Viktor Krupa ; graf.úprava Karel Šejna]
|
| 250 |
|
|
|a 2. vyd.
|
| 260 |
|
|
|a Bratislava
|b Reader´s Digest Výber Slovensko
|c 2008
|e ([Čína] :
|f Leo Paper Product)
|
| 300 |
|
|
|a 287 s.
|b fareb. ilustr.
|c 29 cm
|
| 500 |
|
|
|a Z knihy The work of the rev.
|
| 655 |
|
7 |
|a írske romány
|2 SNKPH
|9 1597
|
| 655 |
|
7 |
|a dobrodružné romány
|2 SNKPH
|9 70486
|
| 655 |
|
7 |
|a publikácie pre mládež
|2 SNKPH
|9 70434
|
| 700 |
1 |
|
|a Krupa, Viktor,
|d 1936-2021
|4 trl
|9 5206
|
| 700 |
1 |
|
|a Uchnár, Peter,
|d 1970-
|4 ill
|9 100407
|
| 700 |
1 |
|
|a Šejna, Karel
|4 bkd
|9 547298
|
| 711 |
2 |
|
|a Najkrajšie a najlepšie detské knihy jari, leta, jesene a zimy na Slovensku
|n (19. :
|d 2008
|c Bratislava, Slovensko).
|e Najkrajšia detská kniha leta
|9 744788
|
| 711 |
2 |
|
|a Najkrajšie knihy Slovenska
|n (XVI. (44.) :
|d 2008
|c Bratislava, Slovensko).
|e Kategória: Literatúra pre deti a mládež
|9 744789
|
| 919 |
|
|
|a 978-80-8097-017-8
|
| 958 |
|
|
|a UP
|
| 958 |
|
|
|a LX
|
| 958 |
|
|
|a DB
|
| 968 |
|
|
|b ENG
|d 821
|
| 999 |
|
|
|c 1173504
|d 1175434
|
| 952 |
|
|
|a SNK
|b SNK
|y PREZ
|7 0
|p 17A0620821
|o snkSB 77755
|i snk2009/8795
|8 0
|0 0
|1 0
|4 0
|d 2009-05-14
|f 1
|l 0
|r 2025-04-28 00:00:00
|w 2026-02-24
|
| 952 |
|
|
|a SNK
|b SNK
|y VYP
|7 0
|p 17A0620822
|o snkSB 77755 D1
|i snk2009/8796
|8 0
|0 0
|1 0
|4 0
|d 2009-05-14
|l 0
|r 2016-06-30 00:00:00
|w 2026-02-24
|
| 952 |
|
|
|a SNKLM
|b SNKLM
|y NEVYP
|7 0
|o snlmKK 1304
|i snklmKk2009/8
|8 7
|0 0
|1 0
|4 0
|d 2009-09-17
|l 0
|r 2026-02-24 21:12:41
|w 2026-02-24
|